Welcome to the Holygrace Academy Library

Please use search bar below to get started

PERFORMANCE ANALYSIS STUDY REPOT IN SOCIAL SCIENCE (Record no. 869)

MARC details
000 -LEADER
fixed length control field 00298nam a22001217a 4500
082 ## - DEWEY DECIMAL CLASSIFICATION NUMBER
Classification number 300
Item number CBSE/P
100 ## - MAIN ENTRY--AUTHOR NAME
Personal name CBSE
245 ## - TITLE STATEMENT
Title PERFORMANCE ANALYSIS STUDY REPOT IN SOCIAL SCIENCE
Remainder of title CLASS X
260 ## - PUBLICATION, DISTRIBUTION, ETC. (IMPRINT)
Place of publication DELHI
Name of publisher CBSE
Year of publication 2005
300 ## - PHYSICAL DESCRIPTION
Number of Pages 88
650 ## - SUBJECT ADDED ENTRY--TOPICAL TERM
Topical Term SOCIAL SCIENCE FOR CLASS X
Geographic subdivision INDIA
942 ## - ADDED ENTRY ELEMENTS (KOHA)
Koha item type Books
Holdings
Withdrawn status Lost status Collection code Home library Current library Shelving location Date acquired Source of acquisition Full call number Accession Number Koha item type
    Reference Main Library Main Library SHELF 7 A CLASS IX SOCIAL SCIENCE &ENGLISH 18/10/2008 purchase 300 CBSE/P 04394 Books